Biopiracy The plunder of Nature & Knowledge (Record no. 248478)

MARC details
000 -LEADER
fixed length control field 00294pam a2200121 a 4500
020 ## - INTERNATIONAL STANDARD BOOK NUMBER
Terms of availability
041 ## - LANGUAGE CODE
Language code of original
100 ## - MAIN ENTRY--PERSONAL NAME
Personal name Vandana Shiva,
Relator term Author.
245 ## - TITLE STATEMENT
Title Biopiracy The plunder of Nature & Knowledge
Medium Textual Documents
260 ## - PUBLICATION, DISTRIBUTION, ETC.
Place of publication, distribution, etc. [s.l]:
Name of publisher, distributor, etc. Natraj Publishers
300 ## - PHYSICAL DESCRIPTION
Extent 148.
930 ## - EQUIVALENCE OR CROSS-REFERENCE-UNIFORM TITLE HEADING [LOCAL, CANADA]
Uniform title 2627
Holdings
Withdrawn status Lost status Damaged status Not for loan Collection Home library Current library Date acquired Source of acquisition Cost, normal purchase price Total Checkouts Full call number Barcode Date last seen Copy number Price effective from Koha item type
          Institute of Environment Education & Research, Pune Institute of Environment Education & Research, Pune 15/06/2018 The word Bookshop Pune-1 236.00   EVP-2028 03/04/2023 1 03/04/2023 Book